Al gust de Cartier-Bresson / (Record no. 169219)

MARC details
000 -LEADER
campo de control de longitud fija 01154nam a22002895i 4500
001 - NÚMERO DE CONTROL
campo de control 169219
003 - IDENTIFICADOR DE NÚMERO DE CONTROL
campo de control ES-MaACL
005 - FECHA Y HORA DE LA ÚLTIMA TRANSACCIÓN
campo de control 20230906214030.0
008 - DATOS DE LONGITUD FIJA--INFORMACIÓN GENERAL
campo de control de longitud fija 002008s2003 sp |||| | spa |
020 ## - NÚMERO INTERNACIONAL ESTÁNDAR DEL LIBRO
Número Internacional Estándar del Libro 84-7664-811-1
080 ## - NÚMERO DE LA CLASIFICACIÓN DECIMAL UNIVERSAL
Número de la Clasificación Decimal Universal 77(083.824)
100 1# - ENTRADA PRINCIPAL--NOMBRE DE PERSONA
Nombre de persona Cartier-Bresson, Henri.
9 (RLIN) 35901
245 10 - MENCIÓN DEL TÍTULO
Título Al gust de Cartier-Bresson /
Mención de responsabilidad, etc. exposició producïda i organitzada per la Fundació HCB i la Fundació "la Caixa" = exposición producida y organizada por la Fundación HCB y la Fundación "la Caixa".
246 3# - FORMA VARIANTE DEL TITULO
Título propio/Titulo breve Al gusto de Cartier-Bresson
260 ## - PUBLICACIÓN, DISTRIBUCIÓN, ETC.
Lugar de publicación, distribución, etc. Barcelona :
Nombre del editor, distribuidor, etc. Fundació "la Caixa",
Fecha de publicación, distribución, etc. 2003.
300 ## - DESCRIPCIÓN FÍSICA
Extensión 127 p. :
Otras características físicas principalmente fot. ;
Dimensiones 21 x 21 cm.
546 ## - NOTA DE IDIOMA
Nota de lengua/lenguaje Texto en catalán y castellano.
600 14 - PUNTO DE ACCESO ADICIONAL DE MATERIA--NOMBRE DE PERSONA
Nombre de persona Cartier-Bresson, Henri-
Subdivisión de forma Exposiciones.
9 (RLIN) 138298
650 #4 - PUNTO DE ACCESO ADICIONAL DE MATERIA--TÉRMINO DE MATERIA
Término de materia o nombre geográfico como elemento de entrada Fotografía-
Subdivisión cronológica S.XX-
Subdivisión de forma Exposiciones.
9 (RLIN) 173150
650 #4 - PUNTO DE ACCESO ADICIONAL DE MATERIA--TÉRMINO DE MATERIA
Término de materia o nombre geográfico como elemento de entrada Fotografía-
Subdivisión geográfica Francia-
Subdivisión de forma Exposiciones.
9 (RLIN) 173516
655 #7 - TERMINO DE INDIZACIÓN--GENERO/FORMA
Fuente del término tgfbne
9 (RLIN) 193628
Datos o término principal de género/forma Catálogos de exposiciones
710 2# - ENTRADA AGREGADA--NOMBRE DE ENTIDAD CORPORATIVA
Nombre de entidad corporativa o nombre de jurisdicción como elemento de entrada Fundación Henri Cartier-Bresson.
9 (RLIN) 138299
710 2# - ENTRADA AGREGADA--NOMBRE DE ENTIDAD CORPORATIVA
Nombre de entidad corporativa o nombre de jurisdicción como elemento de entrada Fundació "la Caixa"
9 (RLIN) 173255
852 4# - LOCALIZACIÓN
Ubicación ES-MaACL
Número de control de estantería L-29555
942 ## - ELEMENTOS DE ENTRADA SECUNDARIOS (KOHA)
Fuente del sistema de clasificación o colocación Clasificación decimal universal
Holdings
Estatus retirado Estado de pérdida Estado de daño No para préstamo Biblioteca de origen Biblioteca actual Ubicación en estantería Fecha de adquisición Fuente de adquisición Total de préstamos Signatura topográfica completa Código de barras Visto por última vez Precio de reemplazo Tipo de ítem Koha
        Biblioteca del Ateneo de Madrid Biblioteca del Ateneo de Madrid Depósito 2 22/08/2008     L-29555 1177663 23/02/2023 23/02/2023 Libro impreso